|
|
|
|
| LEADER |
00000cam a2200000 a 4500 |
| 001 |
vtls001478229 |
| 003 |
SK-MaSNL |
| 005 |
20260426014551.0 |
| 008 |
240226s2004 xo o grh 000 0dslo |
| 015 |
|
|
|a SNBA2004/09-05364
|
| 020 |
|
|
|a 8071654477
|q (viazané)
|
| 035 |
|
|
|a SNK000433529
|
| 035 |
|
|
|a urn:nbn:sk:snk-am3j2vl
|
| 035 |
|
|
|a EEA353BA-BD4C-4769-825C-33DA5AF5E350
|
| 035 |
|
|
|a urn:nbn:sk:snk-am00gmek
|
| 040 |
|
|
|a SNK
|b slo
|c SNK
|e AACR2
|
| 041 |
0 |
|
|a slo
|
| 043 |
|
|
|a e-xo---
|
| 044 |
|
|
|a xo
|c SK
|
| 072 |
|
7 |
|a 929
|x Biografie
|2 konspekt
|
| 072 |
|
7 |
|a 321
|x Politológia
|2 konspekt
|
| 072 |
|
7 |
|a 323
|x Vnútropolitický vývoj, politický život
|2 konspekt
|
| 080 |
|
|
|a 321.64
|2 2011
|
| 080 |
|
|
|a 321.74
|2 2011
|
| 080 |
|
|
|a 323
|2 2011
|
| 080 |
|
|
|a (=162.4)
|2 2011
|
| 080 |
|
|
|a 323.28-051
|2 2011
|
| 080 |
|
|
|a 323.28
|2 2011
|
| 080 |
|
|
|a 2-674.5
|2 2011
|
| 080 |
|
|
|a 343.262
|2 2011
|
| 080 |
|
|
|a (437.6)
|2 2011
|
| 080 |
|
|
|a 929(092)
|2 2011
|
| 080 |
|
|
|a (0:82-32)
|2 2011
|
| 245 |
0 |
0 |
|a Triedni nepriatelia
|b svedectvá o brutalite komunistického režimu
|c zostavil Rudolf Dobiáš
|
| 250 |
|
|
|a 1. vyd.
|
| 260 |
|
|
|a V Prešove
|b Vydavateľstvo Michala Vaška
|b Konfederácia politických väzňov Slovenska
|c 2004
|
| 300 |
|
|
|a 462 strán
|b fotografie
|c 24 cm
|
| 650 |
0 |
7 |
|a komunistický režim
|2 SNKPH
|9 4699
|
| 650 |
0 |
7 |
|a Slováci
|2 SNKPH
|9 22552
|
| 650 |
0 |
7 |
|a politickí väzni
|2 SNKPH
|9 4581
|
| 650 |
0 |
7 |
|a politická perzekúcia
|2 SNKPH
|9 75134
|
| 650 |
0 |
7 |
|a náboženská perzekúcia
|2 SNKPH
|9 68303
|
| 650 |
0 |
7 |
|a pracovné tábory
|2 SNKPH
|9 2655
|
| 650 |
0 |
7 |
|a totalitné režimy
|2 SNKPH
|9 4698
|
| 650 |
0 |
7 |
|a spoločnosť a politika
|2 SNKPH
|9 1526
|
| 650 |
0 |
7 |
|a vnútorná politika
|2 SNKPH
|9 970
|
| 651 |
|
7 |
|a Slovensko
|2 SNKPHgeo
|9 14231
|
| 655 |
|
7 |
|a biografie
|2 SNKPH
|9 27965
|
| 655 |
|
7 |
|a príbehy
|2 SNKPH
|9 70507
|
| 700 |
1 |
|
|a Dobiáš, Rudolf,
|d 1934-
|4 com
|9 218831
|
| 700 |
1 |
|
|a Vaško, Imrich,
|d 1936-2010
|4 dnr
|9 206049
|
| 752 |
|
|
|a Slovensko
|d Prešov
|
| 919 |
|
|
|a 80-7165-447-7
|
| 958 |
|
|
|a TL
|
| 958 |
|
|
|a BX
|
| 958 |
|
|
|a SP
|
| 958 |
|
|
|a OND
|
| 999 |
|
|
|c 1161516
|d 1163446
|
| 952 |
|
|
|a SNK
|b SNK
|y PREZ
|7 0
|p 17A0435930
|o snkSC 116532
|i snkKSP 11049/2004
|0 0
|1 0
|4 0
|d 2004-07-12
|f 1
|l 0
|r 2025-10-16 00:00:00
|w 2026-02-24
|
| 952 |
|
|
|a SNK
|b SNK
|y VYP
|7 0
|p 17A0435929
|o snkSC 116532 D1
|i snkKSP 13698/2004
|0 0
|1 0
|4 0
|d 2004-07-12
|l 0
|r 2005-01-02 00:00:00
|w 2026-02-24
|
| 952 |
|
|
|t snkDOB/1 94(437.6):929
|a SNKUST
|b SNKUST
|y PREZ
|7 0
|p 17A0569684
|o snkSC 116532 D2
|i snk2008/11881
|8 3
|g 12.95
|0 0
|1 0
|4 0
|d 2008-06-05
|l 0
|r 2025-04-28 00:00:00
|w 2026-02-24
|